[Event "Wch U14 Girls"]
[Site "Montesilvano"]
[Date "2023.11.24"]
[Round "11"]
[White "Chasouraki, Chrysi"]
[Black "Andries, Alexia"]
[Result "1-0"]
[WhiteElo "1559"]
[BlackElo "1750"]
[PlyCount "101"]
[EventDate "2023.11.13"]
[EventType "swiss"]
[EventRounds "11"]
[EventCountry "ITA"]
[SourceTitle "CB48_2023"]
[SourceDate "2023.11.29"]
[SourceVersion "1"]
[SourceVersionDate "2023.11.29"]
[SourceQuality "1"]

1. e4 c5 2. Nf3 Nc6 3. Bb5 g6 4. Bxc6 bxc6 5. d4 Bg7 6. dxc5 Qa5+ 7. Nbd2 Qxc5 8. 0-0 Nf6 9. Nb3 Qb6 10. Re1 0-0 11. h3 d6 12. c3 Ba6 13. Bf4 e5 14. Bg5 Qc7 15. Qc2 Bc4 16. Nbd2 Be6 17. c4 a5 18. b3 Nd7 19. Be3 h6 20. Nh2 f5 21. f3 f4 22. Bf2 g5 23. Rac1 c5 24. Nb1 h5 25. Nc3 Nf6 26. Red1 Rfd8 27. Qe2 Qc8 28. Rd3 g4 29. hxg4 hxg4 30. fxg4 Nxg4 31. Nxg4 Bxg4 32. Qd2 Ra6 33. Nd5 Qb7 34. Bh4 Rd7 35. Qf2 Be6 36. Nc3 a4 37. Qe2 axb3 38. axb3 Qxb3 39. Nd5 Qb7 40. Qh5 Bf7 41. Qg4 Bxd5 42. Rxd5 Rf7 43. Rcd1 Qb8 44. Qe6 Bf8 45. Bf6 Ra3 46. Rxd6 Bxd6 47. Rxd6 Ra1+ 48. Kh2 Qxd6 49. Qg4+ Kh7 50. Qh5+ Kg8 51. Qh8# 1-0

[Event "Wch U14 Girls"]
[Site "Montesilvano"]
[Date "2023.11.15"]
[Round "3"]
[White "Andries, Alexia"]
[Black "Seyhan, Pelin"]
[Result "1/2-1/2"]
[WhiteElo "1750"]
[BlackElo "1461"]
[PlyCount "125"]
[EventDate "2023.11.13"]
[EventType "swiss"]
[EventRounds "11"]
[EventCountry "ITA"]
[SourceTitle "CB48_2023"]
[SourceDate "2023.11.29"]
[SourceVersion "1"]
[SourceVersionDate "2023.11.29"]
[SourceQuality "1"]

1. d4 Nf6 2. c4 e6 3. Nc3 d5 4. e3 Nbd7 5. Nf3 Bb4 6. Bd3 c5 7. 0-0 dxc4 8. Bxc4 0-0 9. a3 Bxc3 10. bxc3 a6 11. a4 Qc7 12. Bb3 Rd8 13. Qe2 b6 14. c4 Bb7 15. h3 Ne4 16. Bb2 Rab8 17. Rfd1 Ndf6 18. Ne5 Ba8 19. Rac1 Qb7 20. f3 Ng3 21. Qf2 Nf5 22. Ba3 Qc7 23. Bb2 Qb7 24. Bc3 Qc7 25. Qe1 a5 26. Bc2 Ne7 27. Qh4 h6 28. Rb1 Ne8 29. Qh5 Nc6 30. Nxc6 Qxc6 31. dxc5 bxc5 32. Rxd8 Rxd8 33. Bxa5 Rc8 34. Qe5 f6 35. Qc3 Nd6 36. Rb6 Qd7 37. Qd3 Bc6 38. Bc3 e5 39. a5 Qe6 40. e4 Kh7 41. Bb3 Nf7 42. Qe3 Qd6 43. Bc2 Ng5 44. Ba4 Qd7 45. Bb5 Ne6 46. Qd2 Bxb5 47. cxb5 Nd4 48. a6 Qf7 49. Kh2 Rd8 50. Qb2 f5 51. Rb7 Qg6 52. a7 Qg5 53. Be1 Qf4+ 54. Bg3 Nxf3+ 55. gxf3 Rd2+ 56. Qxd2 Qxd2+ 57. Kg1 Qd1+ 58. Kg2 fxe4 59. Rxg7+ Kxg7 60. Bxe5+ Kf7 61. a8Q Qxf3+ 62. Kh2 Qf2+ 63. Kh1 1/2-1/2

[Event "EU-ch U14 Girls 31st"]
[Site "Mamaia"]
[Date "2023.09.11"]
[Round "6"]
[White "Andries, Alexia"]
[Black "Nenova, Andzhelika"]
[Result "1/2-1/2"]
[WhiteElo "1717"]
[BlackElo "1989"]
[PlyCount "105"]
[EventDate "2023.09.05"]
[EventType "swiss"]
[EventRounds "9"]
[EventCountry "ROU"]
[SourceTitle "EXT 2024"]
[Source "ChessBase"]
[SourceDate "2023.10.10"]
[SourceVersion "1"]
[SourceVersionDate "2023.10.10"]
[SourceQuality "1"]

1. d4 Nf6 2. c4 g6 3. Nc3 Bg7 4. e4 d6 5. h3 0-0 6. Bg5 Qe8 7. Bd3 e5 8. d5 Na6 9. Nge2 Nh5 10. g4 Nf4 11. Bxf4 exf4 12. 0-0 Be5 13. Qd2 h5 14. f3 Qe7 15. Rf2 Qh4 16. Rh2 Kg7 17. Qe1 Qf6 18. a3 Rh8 19. Rh1 Bd7 20. Qf2 hxg4 21. hxg4 Rxh1+ 22. Kxh1 Rh8+ 23. Kg2 Bxg4 24. Rh1 Bxf3+ 25. Qxf3 Rxh1 26. Kxh1 Qh4+ 27. Kg2 g5 28. Qf2 Qg4+ 29. Kf1 f6 30. Nd4 Qh3+ 31. Ke2 Bxd4 32. Qxd4 g4 33. Qg1 Nc5 34. Bc2 Qf3+ 35. Ke1 Qh3 36. Ne2 f3 37. Ng3 Kf7 38. Nf5 Nd7 39. Kf2 Ne5 40. b3 Qh5 41. Ke1 b6 42. Kf1 Kg6 43. Kf2 Qg5 44. Kg3 Qd2 45. Qf2 Qg5 46. Qh2 Qc1 47. Qf2 Qh1 48. Qh2 Qe1+ 49. Kf4 Qc1+ 50. Kg3 Qe1+ 51. Kf4 Qc1+ 52. Kg3 Qe1+ 53. Kf4 1/2-1/2

[Event "EU-chT U18 Girls"]
[Site "Iasi"]
[Date "2023.07.27"]
[Round "4.1"]
[White "Mihelic, Vesna"]
[Black "Andries, Alexia"]
[Result "1-0"]
[WhiteElo "2093"]
[BlackElo "1601"]
[PlyCount "97"]
[EventDate "2023.07.24"]
[EventType "team-swiss"]
[EventRounds "7"]
[EventCountry "ROU"]
[SourceTitle "CBM 215 Extra"]
[Source "ChessBase"]
[SourceDate "2023.09.30"]
[SourceVersion "1"]
[SourceVersionDate "2023.09.30"]
[SourceQuality "1"]
[WhiteTeam "Slovenia U18 Girls"]
[BlackTeam "Romania Iasi U18 Girls"]
[WhiteTeamCountry "SLO"]
[BlackTeamCountry "ROU"]

1. e4 c5 2. Nf3 e6 3. c4 a6 4. Nc3 d6 5. d4 cxd4 6. Nxd4 Nf6 7. Be2 Be7 8. 0-0 Qc7 9. Be3 Nbd7 10. Rc1 b6 11. f4 Bb7 12. Bf3 h5 13. f5 e5 14. Nd5 Qd8 15. Ne2 Nxd5 16. cxd5 Bg5 17. Qd2 Bxe3+ 18. Qxe3 h4 19. Nc3 0-0 20. g4 f6 21. Kh1 b5 22. Rg1 Kf7 23. g5 Rg8 24. Bh5+ Kf8 25. Rc2 Rc8 26. Rcg2 b4 27. Nd1 a5 28. Be2 fxg5 29. Rxg5 Nf6 30. Nf2 Rc2 31. Nd1 Qa8 32. Rxg7 Rxg7 33. Qh6 Ne8 34. f6 Bxd5 35. fxg7+ Ke7 36. Qg5+ Nf6 37. exd5 Qxd5+ 38. Qg2 Qxg2+ 39. Rxg2 Rc8 40. Ne3 Ng8 41. Bc4 Rb8 42. Nf5+ Kf6 43. Nxd6 Rd8 44. Ne4+ Kf5 45. Bxg8 Rxg8 46. Nc5 e4 47. Kg1 e3 48. Kf1 Kf4 49. Ke2 1-0

[Event "ROM-ch (Women)"]
[Site "Sebes"]
[Date "2023.02.25"]
[Round "8"]
[White "Andries, Alexia"]
[Black "Matasaru, Stephanie"]
[Result "0-1"]
[WhiteElo "1567"]
[BlackElo "1975"]
[PlyCount "124"]
[EventDate "2023.02.19"]
[EventType "swiss"]
[EventRounds "9"]
[EventCountry "ROU"]
[SourceTitle "CBM 212 Extra"]
[Source "ChessBase"]
[SourceDate "2023.03.31"]
[SourceVersion "1"]
[SourceVersionDate "2023.03.31"]
[SourceQuality "1"]

1. d4 Nf6 2. c4 e6 3. Nc3 Bb4 4. e3 c5 5. Bd3 d5 6. Nf3 0-0 7. 0-0 cxd4 8. exd4 dxc4 9. Bxc4 Bxc3 10. bxc3 Qc7 11. Qe2 Nbd7 12. Bd2 b6 13. Rac1 Bb7 14. Bd3 Rfe8 15. Ne5 Nxe5 16. dxe5 Nd7 17. f4 Nf8 18. Be4 Bxe4 19. Qxe4 Rac8 20. c4 Qc6 21. Qe2 Qc5+ 22. Be3 Qb4 23. Qc2 Rc6 24. Qb3 Qe7 25. Bd2 Rec8 26. Bb4 Qb7 27. Rfd1 h6 28. Rd6 Qc7 29. Rxc6 Qxc6 30. Bd6 Nd7 31. Qe3 Qa4 32. Qb3 Qa6 33. Qa3 Qb7 34. Qe3 Nc5 35. h3 Qa6 36. a3 Nb7 37. Qd3 Na5 38. Bb4 Nxc4 39. Kh2 b5 40. Qd7 Qc6 41. Qxa7 Qe4 42. Qf2 Rd8 43. Re1 Qd3 44. Qc5 Qf5 45. Rf1 Rd5 46. Qf8+ Kh7 47. Rf3 Nd2 48. Bxd2 Rxd2 49. Qc5 Qe4 50. Qe3 Qc2 51. Rg3 Rd1 52. Qb3 Qe2 53. Qe3 Qf1 54. Rf3 Qh1+ 55. Kg3 h5 56. Rf2 g6 57. Qa7 Rd3+ 58. Kh4 Kg7 59. Re2 Qc1 60. g3 g5+ 61. Kxg5 Rxg3+ 62. Kxh5 Qxf4 0-1

[Event "EU-ch (Women) 21st"]
[Site "Iasi"]
[Date "2021.08.11"]
[Round "3"]
[White "Semenova, Elena"]
[Black "Andries, Alexia"]
[Result "1-0"]
[WhiteElo "2212"]
[BlackElo "1420"]
[PlyCount "77"]
[EventDate "2021.08.09"]
[EventType "swiss"]
[EventRounds "11"]
[EventCountry "ROU"]
[SourceTitle "CBM 203 Extra"]
[Source "ChessBase"]
[SourceDate "2021.09.30"]
[SourceVersion "1"]
[SourceVersionDate "2021.09.30"]
[SourceQuality "1"]

1. e4 c5 2. Nf3 e6 3. d4 cxd4 4. Nxd4 a6 5. c4 Nf6 6. Nc3 d6 7. Be2 Be7 8. Be3 Nbd7 9. Qd2 Qc7 10. f3 b6 11. g4 h6 12. h4 Bb7 13. Rg1 Ne5 14. Rc1 Ng6 15. h5 Nf8 16. Na4 N8d7 17. b4 Rc8 18. Nb3 Nh7 19. Kf1 Ng5 20. Bd4 0-0 21. Qe3 Bd8 22. Qc3 Bf6 23. Bxf6 Nxf6 24. Qe3 Nd7 25. Nc3 Rfe8 26. f4 Nh7 27. g5 hxg5 28. fxg5 Ne5 29. Na4 Nd7 30. g6 Nhf6 31. h6 Bxe4 32. gxf7+ Kxf7 33. Rxg7+ Kf8 34. Nc3 Bh7 35. Qg5 Re7 36. Nd4 d5 37. Rxe7 Kxe7 38. Qg7+ Kd6 39. Ncb5+ 1-0

[Event "EU Union-ch U10"]
[Site "Kouty nad Desnou"]
[Date "2019.08.22"]
[Round "7"]
[White "Andries, Alexia"]
[Black "Haasova, Timea"]
[Result "0-1"]
[WhiteElo "1315"]
[BlackElo "1287"]
[PlyCount "102"]
[EventDate "2019.08.16"]
[EventType "swiss"]
[EventRounds "9"]
[EventCountry "CZE"]
[SourceTitle "EXT 2020"]
[Source "ChessBase"]
[SourceDate "2019.10.17"]
[SourceVersion "1"]
[SourceVersionDate "2019.10.17"]
[SourceQuality "1"]

1. c4 e6 2. e4 d6 3. Nf3 e5 4. d4 exd4 5. Nxd4 Nf6 6. Nc3 Be7 7. Bd3 Nbd7 8. 0-0 Ne5 9. Be2 Bd7 10. a3 0-0 11. b4 Re8 12. f4 Ng6 13. Ra2 h6 14. Qc2 c5 15. Nf3 cxb4 16. axb4 Qb6+ 17. Kh1 Qxb4 18. Rb2 Qc5 19. Rxb7 Bc6 20. Rb2 Bd8 21. Bd3 Bc7 22. Re1 Qh5 23. Nd4 Bd7 24. f5 Ne5 25. Be2 Neg4 26. h3 Qh4 27. Rf1 Bb6 28. Bxg4 Nxg4 29. Qd1 Bxd4 30. Qxd4 Nf6 31. Qxd6 Rad8 32. Qc7 Nxe4 33. Nxe4 Qxe4 34. Rbf2 Bc6 35. f6 g5 36. Qg3 Rd3 37. Qh2 Qh4 38. Kg1 Qxc4 39. h4 Qxh4 40. Qxh4 gxh4 41. Bxh6 Kh7 42. Bg5 h3 43. Kh2 hxg2 44. Rc1 Bd5 45. Rg1 a5 46. Ra1 Ra8 47. Ra4 Rd1 48. Rg4 a4 49. Bf4 Rh1+ 50. Kg3 g1Q+ 51. Rg2 Qxg2# 0-1

[Event "EU Union-ch U10"]
[Site "Kouty nad Desnou"]
[Date "2019.08.20"]
[Round "5"]
[White "Bako, Evelin"]
[Black "Andries, Alexia"]
[Result "0-1"]
[WhiteElo "1152"]
[BlackElo "1315"]
[PlyCount "102"]
[EventDate "2019.08.16"]
[EventType "swiss"]
[EventRounds "9"]
[EventCountry "CZE"]
[SourceTitle "EXT 2020"]
[Source "ChessBase"]
[SourceDate "2019.10.17"]
[SourceVersion "1"]
[SourceVersionDate "2019.10.17"]
[SourceQuality "1"]

1. e4 c5 2. Nf3 e6 3. d4 cxd4 4. Nxd4 a6 5. Bd3 Qc7 6. 0-0 Nf6 7. b3 Nc6 8. Bb2 b5 9. Nxc6 dxc6 10. f4 Bb7 11. Nd2 Rd8 12. Nf3 Bc5+ 13. Kh1 Ng4 14. Bxg7 Rg8 15. Be5 Qb6 16. Ng5 Nxe5 17. fxe5 Rxg5 18. Qf3 Qc7 19. Qf6 Rg8 20. Rf3 Bf8 21. Raf1 Rd7 22. Rh3 Rg6 23. Qf4 Rg7 24. a3 c5 25. c4 Qd8 26. Be2 Bc6 27. cxb5 axb5 28. Qf6 Qxf6 29. exf6 Rg5 30. Rxh7 Bxe4 31. Rh8 Bxg2+ 32. Kg1 Bxf1+ 33. Kxf1 Rb7 34. h4 Rf5+ 35. Ke1 Rxf6 36. h5 Rh6 37. Rg8 Ke7 38. Kd2 Rh7 39. Ke1 Ra7 40. Bxb5 Rxa3 41. Be2 Rxb3 42. Bd1 Ra3 43. Rg5 Rc3 44. Rg2 Bg7 45. Kd2 Ra3 46. Bc2 Bc3+ 47. Kd1 Rxh5 48. Rg3 Rh2 49. Kc1 Ra1+ 50. Bb1 Bb2+ 51. Kd1 Rxb1# 0-1

[Event "EU Union-ch U10"]
[Site "Kouty nad Desnou"]
[Date "2019.08.19"]
[Round "4"]
[White "Andries, Alexia"]
[Black "Roubal, Matyas"]
[Result "0-1"]
[WhiteElo "1315"]
[BlackElo "1130"]
[PlyCount "48"]
[EventDate "2019.08.16"]
[EventType "swiss"]
[EventRounds "9"]
[EventCountry "CZE"]
[SourceTitle "EXT 2020"]
[Source "ChessBase"]
[SourceDate "2019.10.17"]
[SourceVersion "1"]
[SourceVersionDate "2019.10.17"]
[SourceQuality "1"]

1. d4 d5 2. c4 e6 3. Nf3 Nf6 4. e3 Be7 5. Be2 dxc4 6. Bxc4 b6 7. 0-0 0-0 8. Nc3 Bb7 9. Re1 Nbd7 10. b3 c5 11. Bb2 Rc8 12. Rc1 a6 13. Bf1 Qc7 14. dxc5 Nxc5 15. b4 Rfd8 16. Nd4 e5 17. Na4 exd4 18. exd4 Bd6 19. bxc5 Bxh2+ 20. Kh1 Ne4 21. Qc2 Qf4 22. f3 Ng3+ 23. Kxh2 Ne2+ 24. Kh1 Qh4# 0-1

[Event "ROM-ch U10 Girls"]
[Site "Calimanesti Caciulata"]
[Date "2019.04.17"]
[Round "3.6"]
[White "Moraru, Ana Alina"]
[Black "Andries, Alexia"]
[Result "0-1"]
[WhiteElo "1061"]
[BlackElo "1292"]
[PlyCount "116"]
[EventDate "2019.04.15"]
[EventType "swiss"]
[EventRounds "9"]
[EventCountry "ROU"]
[SourceTitle "EXT 2024"]
[Source "ChessBase"]
[SourceDate "2023.10.10"]
[SourceVersion "1"]
[SourceVersionDate "2023.10.10"]
[SourceQuality "1"]

1. e4 c5 2. Nf3 e6 3. c3 Nc6 4. d4 cxd4 5. cxd4 Bb4+ 6. Nbd2 d5 7. e5 Nge7 8. a3 Ba5 9. b4 Bb6 10. Bb2 a6 11. Be2 Bd7 12. 0-0 0-0 13. Re1 Rc8 14. Rc1 Ng6 15. Nf1 Nce7 16. Ng3 Rc7 17. Qd2 h6 18. Rxc7 Qxc7 19. Rc1 Qb8 20. Rc2 Ba4 21. Rc1 Rc8 22. Rxc8+ Qxc8 23. Qc3 Qd7 24. h3 Nc6 25. Qc1 Kf8 26. Kf1 Na7 27. Bd3 Ne7 28. Ne2 a5 29. bxa5 Bxa5 30. Nc3 Bc6 31. Qc2 Nb5 32. Nd2 Nxd4 33. Qc1 Nb5 34. Nb3 Bb6 35. Qd2 Nxc3 36. Bxc3 Ba4 37. Nd4 Ba7 38. Qe2 Qc7 39. Bd2 Bxd4 40. Bb4 Ba7 41. Qf3 Qxe5 42. Bg6 Qf6 43. Qxf6 gxf6 44. Bxe7+ Kxe7 45. Ke2 fxg6 46. f3 Bc5 47. Kd3 Bxa3 48. g4 b5 49. h4 b4 50. f4 b3 51. h5 g5 52. fxg5 fxg5 53. Kd2 b2 54. Kc3 b1Q 55. Kd4 Bc1 56. Kc3 Qc2+ 57. Kd4 Bb3 58. Ke5 Qe4# 0-1

[Event "ROM-ch U10 Girls"]
[Site "Calimanesti"]
[Date "2018.03.31"]
[Round "6"]
[White "Andries, Alexia"]
[Black "Darie, Cleopatra Iuliana"]
[Result "1-0"]
[WhiteElo "1247"]
[BlackElo "1145"]
[PlyCount "111"]
[EventDate "2018.03.27"]
[EventType "swiss"]
[EventRounds "9"]
[EventCountry "ROU"]
[SourceTitle "CBM 183 Extra"]
[Source "ChessBase"]
[SourceDate "2018.04.19"]
[SourceVersion "1"]
[SourceVersionDate "2018.04.19"]
[SourceQuality "1"]

1. c4 e5 2. Nc3 Nc6 3. e3 Nf6 4. d3 Be7 5. Nf3 0-0 6. Be2 d5 7. cxd5 Nxd5 8. 0-0 Nf6 9. b3 Bf5 10. Bb2 Qd6 11. Nb5 Qc5 12. d4 exd4 13. Rc1 Qb6 14. Nbxd4 Bd7 15. Qc2 Nd5 16. a3 Nf6 17. b4 Rac8 18. Nxc6 Bxc6 19. Bd4 Be4 20. Bxb6 Bxc2 21. Bxa7 Be4 22. Bc5 Bxc5 23. Rxc5 c6 24. b5 Rfd8 25. h3 cxb5 26. Rxc8 Rxc8 27. Bxb5 Bxf3 28. gxf3 g6 29. Rd1 Rc5 30. a4 Nd5 31. Kg2 Kg7 32. Rd4 Kf6 33. f4 Ke6 34. Bc4 Kd6 35. e4 Kc6 36. Bxd5+ Kb6 37. Rb4+ Ka5 38. Rxb7 Kxa4 39. Rxf7 h5 40. Rg7 Kb4 41. Rxg6 Rc7 42. Rg5 Kc3 43. Rxh5 Kd4 44. Rg5 Re7 45. h4 Rh7 46. h5 Rh6 47. Kg3 Kc5 48. Kg4 Kd6 49. Rg6+ Rxg6+ 50. hxg6 Ke7 51. g7 Kf6 52. g8Q Ke7 53. Qf7+ Kd6 54. Qe6+ Kc5 55. Qc6+ Kd4 56. Qc4# 1-0

[Event "ROM-ch U10 Girls"]
[Site "Calimanesti"]
[Date "2018.03.29"]
[Round "4"]
[White "Andries, Alexia"]
[Black "Mocanu, Miruna"]
[Result "1/2-1/2"]
[WhiteElo "1247"]
[BlackElo "1121"]
[PlyCount "60"]
[EventDate "2018.03.27"]
[EventType "swiss"]
[EventRounds "9"]
[EventCountry "ROU"]
[SourceTitle "CBM 183 Extra"]
[Source "ChessBase"]
[SourceDate "2018.04.19"]
[SourceVersion "1"]
[SourceVersionDate "2018.04.19"]
[SourceQuality "1"]

1. d4 d5 2. c4 e6 3. Nc3 Nf6 4. Bg5 Be7 5. e3 0-0 6. Bd3 b6 7. Nf3 c5 8. Ne5 cxd4 9. exd4 Bb7 10. 0-0 Nc6 11. Nf3 Rc8 12. cxd5 Nxd5 13. Bxe7 Ncxe7 14. Bxh7+ Kh8 15. Bd3 Nxc3 16. bxc3 Bxf3 17. Qxf3 g6 18. Qf6+ Kg8 19. c4 Nc6 20. Qxd8 Rfxd8 21. d5 exd5 22. cxd5 Rxd5 23. Ba6 Rcd8 24. h3 Rd2 25. Bb5 R2d6 26. Rfe1 Kg7 27. Kh2 Nd4 28. Ba4 b5 29. Bb3 Nxb3 30. axb3 a6 1/2-1/2

[Event "EU-ch U08 Girls 27th"]
[Site "Mamaia"]
[Date "2017.09.11"]
[Round "6"]
[White "State Ungureanu, Elena Anastasia"]
[Black "Andries, Alexia"]
[Result "0-1"]
[WhiteElo "1158"]
[BlackElo "1110"]
[PlyCount "100"]
[EventDate "2017.09.05"]
[EventType "swiss"]
[EventRounds "9"]
[EventCountry "ROU"]
[SourceTitle "CBM 180 Extra"]
[Source "ChessBase"]
[SourceDate "2017.10.06"]
[SourceVersion "1"]
[SourceVersionDate "2017.10.06"]
[SourceQuality "1"]

1. e4 c5 2. Nf3 e6 3. d4 cxd4 4. Nxd4 a6 5. Nc3 Qc7 6. Be3 Nf6 7. f3 Bb4 8. Qd3 d5 9. Bd2 e5 10. Nxd5 Bxd2+ 11. Qxd2 Nxd5 12. exd5 exd4 13. Qxd4 0-0 14. Bd3 Re8+ 15. Kf2 Nd7 16. Rae1 Qd8 17. Rxe8+ Qxe8 18. Re1 Qf8 19. Qh4 Nf6 20. g4 Qc5+ 21. Kg2 h6 22. g5 hxg5 23. Qxg5 Bd7 24. h4 Qxd5 25. Qxd5 Nxd5 26. Be4 Bc6 27. c4 Nb4 28. Bxc6 Nxc6 29. a4 Rd8 30. Rb1 Rd4 31. b3 Rxh4 32. Kg3 Rd4 33. f4 Kh7 34. Rf1 Kg6 35. Rb1 Kf5 36. Rf1 Rd3+ 37. Rf3 Rxf3+ 38. Kxf3 Na5 39. b4 Nxc4 40. b5 axb5 41. axb5 b6 42. Ke2 Kxf4 43. Kd3 Na3 44. Kd4 Nxb5+ 45. Kc4 g5 46. Kxb5 g4 47. Kxb6 g3 48. Kc6 g2 49. Kd6 g1Q 50. Ke7 Qg6 0-1